Vine al CEM i descobreix l'Espai Marí Costes del Garraf
Descripción Física:
1 tríptic ; il·lustracions color ; 15 x 21 cm
Idioma:
Catalán
MARC
| LEADER | 00000nam a22000007a 4500 | ||
|---|---|---|---|
| 001 | 27944 | ||
| 003 | Arxiu | ||
| 005 | 20260324181517.0 | ||
| 008 | 230523b spa||||| |||| 00| 0 cat d | ||
| 017 | |a B 13849-2019 | ||
| 040 | |a agdb |b cat | ||
| 245 | |a Vine al CEM i descobreix l'Espai Marí Costes del Garraf | ||
| 260 | |a Barcelona : |b Centre d'Estudis del Mar : |b Diputació de Barcelona ; |c 2019 | ||
| 300 | |a 1 tríptic ; |b il·lustracions color ; |c 15 x 21 cm | ||
| 610 | 0 | |9 56447 |a Centre d'Estudis del Mar |x Activitats culturals | |
| 710 | 2 | |9 52945 |a Centre d'Estudis del Mar | |
| 942 | |2 udc |c ARXIU |n 1 | ||
| 952 | |0 0 |1 0 |2 udc |4 0 |6 FU75138 |7 1 |9 66413 |a Arxiu |b Arxiu |d 2023-05-23 |l 0 |o FU-75-138 |p 27944 |r 2023-05-23 00:00:00 |w 2023-05-23 |y ARXIU | ||
| 999 | |c 83756 |d 83756 | ||